Návrh modelu oblastného plánovania
Salvato in:
| Autore principale: | |
|---|---|
| Altri autori: | , |
| Natura: | Libro |
| Lingua: | slovacco |
| Pubblicazione: |
Bratislava
Výskumný ústav oblastného plánovania
1979
|
| Serie: | Výskumné práce
č. 112 |
| Tags: |
Nessun Tag, puoi essere il primo ad aggiungerne!!
|
MARC
| LEADER | 00000nam a2200000 4500 | ||
|---|---|---|---|
| 001 | 0215617 | ||
| 005 | 20240109105237.2 | ||
| 041 | 0 | |a slo | |
| 044 | |a SK | ||
| 245 | 1 | 0 | |a Návrh modelu oblastného plánovania |c Ján Baliena, Milan Buček, Andrej Nuoška |
| 264 | 1 | |a Bratislava |b Výskumný ústav oblastného plánovania |c 1979 | |
| 300 | |a 28 s. | ||
| 490 | 1 | |a Výskumné práce |v č. 112 | |
| 830 | 0 | |a Výskumné práce |v č. 112 | |
| 100 | 1 | |a Baliena, Ján | |
| 700 | 1 | |a Buček, Milan | |
| 700 | 1 | |a Nuoška, Andrej | |